[Event "Amantea U16"]
[Site "Amantea"]
[Date "2011.09.10"]
[Round "7"]
[White "Catapano, Ciro Mikhail"]
[Black "Serratore, Florin Lorenzo"]
[Result "0-1"]
[WhiteElo "1455"]
[BlackElo "1422"]
[PlyCount "46"]
[EventDate "2011.09.04"]
[EventType "swiss"]
[EventRounds "8"]
[EventCountry "ITA"]
[SourceTitle "EXT 2014"]
[Source "ChessBase"]
[SourceDate "2013.11.20"]
[SourceVersion "1"]
[SourceVersionDate "2013.11.20"]
[SourceQuality "1"]

1. e4 e5 2. Nf3 d6 3. Nc3 Be6 4. Bd3 Be7 5. 0-0 Qd7 6. Qe2 Nc6 7. Bc4 Bg4 8. d3 0-0-0 9. h3 Nd4 10. Qe3 Nxc2 11. Qd2 Nxa1 12. hxg4 Nf6 13. Ng5 Rdf8 14. Nxf7 Qxg4 15. g3 Rhg8 16. Ng5 h6 17. Be6+ Kd8 18. Bxg8 Rxg8 19. b3 hxg5 20. Bb2 Nd7 21. Bxa1 Rh8 22. Nb5 Qf3 23. Re1 Rh1# 0-1

[Event "Amantea U16"]
[Site "Amantea"]
[Date "2011.09.05"]
[Round "2"]
[White "Catapano, Ciro Mikhail"]
[Black "Cicero, Angelo"]
[Result "0-1"]
[WhiteElo "1455"]
[BlackElo "1551"]
[PlyCount "66"]
[EventDate "2011.09.04"]
[EventType "swiss"]
[EventRounds "8"]
[EventCountry "ITA"]
[SourceTitle "EXT 2014"]
[Source "ChessBase"]
[SourceDate "2013.11.20"]
[SourceVersion "1"]
[SourceVersionDate "2013.11.20"]
[SourceQuality "1"]

1. e4 e5 2. Nf3 Nc6 3. Bc4 h6 4. 0-0 Nf6 5. Nc3 Bb4 6. a3 Bxc3 7. bxc3 0-0 8. d3 d6 9. Be3 Bg4 10. Rb1 b6 11. Bb5 Ne7 12. Qe2 d5 13. exd5 Nfxd5 14. h3 Bh5 15. Nxe5 Bxe2 16. Rfe1 Nxc3 17. Rb3 Nxb5 18. Rxb5 Bh5 19. Bf4 Ng6 20. Nc6 Qd7 21. Be3 Qxc6 22. Rxh5 Rfe8 23. c4 Re5 24. Rxe5 Nxe5 25. d4 Nxc4 26. Bc1 Re8 27. Rd1 Re4 28. Rd3 Qd5 29. Bb2 Nxb2 30. Rc3 Re1+ 31. Kh2 Qd6+ 32. g3 Qxd4 33. Rb3 Qxf2# 0-1